| 000 | 00643nam a2200205Ia 4500 | ||
|---|---|---|---|
| 003 | GCL | ||
| 008 | 140319s9999 xx 000 0 ara d | ||
| 040 |
_aGCL / _cGCL |
||
| 082 | 0 | 4 |
_aط _b607 _bج ع |
| 100 | 1 | _aانور محمود عبد الواحد | |
| 245 | 1 | 0 |
_aالسيارات الفائقة وكيف تعمل / _cانور محمود عبد الواحد |
| 700 | 1 | _aجوناثان راتلاند | |
| 260 |
_a[S.N] : _bدار الشروق |
||
| 300 | _a32 ص | ||
| 490 |
_aعالم المستقبل _v0 |
||
| 650 | 0 | 4 | _aالاطفال |
| 650 | 0 | 4 | _aقصص الاطفال |
| 650 | 0 | 4 | _aالقصص العلمية |
| 942 |
_2ddc _cBK |
||
| 999 |
_c57003 _d57003 |
||